Statistics for Largest Bordering Country Chain

Click here to take the quiz!

General Stats

  • This quiz has been taken 196 times
    (176 since last reset)
  • The average score is 31 of 64

Answer Stats

HintCountryA% Correct
thenFrance
100%
Start in PortugalSpain
100%
Start in ChinaRussia
68%
thenArgentina
63%
thenBrazil
63%
thenKazakhstan
63%
thenBolivia
62%
thenPeru
62%
thenVenezuela
62%
thenColombia
61%
thenGuyana
61%
and lastSuriname
61%
thenTurkmenistan
59%
thenIndia
57%
thenIran
57%
thenPakistan
57%
Start in The GambiaSenegal
57%
thenMali
56%
thenAlgeria
54%
thenLibya
54%
thenMyanmar
54%
thenSudan
54%
thenThailand
54%
thenMexico
53%
Start in CanadaUnited States
53%
thenChad
52%
thenGuatemala
52%
thenIndonesia
51%
thenMalaysia
51%
thenNicaragua
51%
and lastPapua New Guinea
51%
thenHonduras
50%
thenNiger
50%
thenPanama
50%
thenCosta Rica
49%
thenNigeria
48%
thenColombia
47%
thenCameroon
46%
thenDem. Rep. Congo
46%
thenBrazil
45%
thenCentral African Republic
45%
Start in BangladeshIndia
44%
thenNamibia
43%
thenAngola
42%
thenSouth Africa
42%
thenArgentina
41%
thenChina
41%
thenMozambique
40%
thenTanzania
40%
thenBolivia
38%
thenPeru
38%
thenRussia
38%
and lastChile
37%
thenZambia
37%
thenBotswana
36%
thenKazakhstan
34%
and lastZimbabwe
33%
thenIran
32%
thenTurkmenistan
32%
thenAfghanistan
31%
thenPakistan
31%
thenUzbekistan
24%
thenKyrgyzstan
18%
and lastTajikistan
17%

Score Distribution

Percentile by Number Answered

Percent of People with Each Score

Your Score History

You have not taken this quiz since the last reset